Loading...
Science - Physics | 0 | 4 | 0 | 3 | 40 | 115 | 133.50 | 1 | 1 |
Science - Biology | 0 | 4 | 0 | 1 | 40 | 109 | 125.25 | 0 | 1 |
Beliefs | 0 | 2 | 0 | 1 | 20 | 141 | 144.00 | 0 | 0 |
Fine Arts - Classical Music and Opera | 0 | 2 | 0 | 1 | 20 | 124 | 136.00 | 0 | 0 |
Literature - European Literature | 0 | 2 | 0 | 1 | 20 | 125 | 150.00 | 0 | 1 |
Other Academic | 0 | 2 | 0 | 1 | 20 | 116 | 131.00 | 0 | 0 |
Philosophy | 0 | 2 | 0 | 0 | 20 | 89 | 113.50 | 0 | 0 |
Science - Other Science | 0 | 3 | 2 | 1 | 20 | 92 | 126.33 | 1 | 2 |
Science - Chemistry | 0 | 2 | 1 | 0 | 15 | 94 | 107.50 | 0 | 1 |
Modern World | 0 | 1 | 0 | 0 | 10 | 103 | 103.00 | 0 | 0 |
Science - Earth Science | 0 | 1 | 0 | 0 | 10 | 131 | 131.00 | 0 | 0 |
Fine Arts - Visual Fine Arts | 0 | 1 | 0 | 1 | 10 | 146 | 146.00 | 0 | 0 |
Science - Astronomy | 0 | 1 | 0 | 0 | 10 | 143 | 143.00 | 0 | 0 |
History - European History | 0 | 1 | 0 | 0 | 10 | 114 | 114.00 | 0 | 0 |
Geography | 0 | 1 | 0 | 0 | 10 | 103 | 103.00 | 0 | 1 |
History - World History | 0 | 1 | 1 | 0 | 5 | 120 | 120.00 | 0 | 0 |
Literature - British Literature | 0 | 1 | 1 | 0 | 5 | 121 | 121.00 | 0 | 1 |
Literature - World Literature | 0 | 0 | 1 | 0 | -5 | 0.00 | 0 | 0 |